[Event "70grN-25"]
[Site "Hotell Maritim Skjervøy"]
[Date "2025.10.26"]
[Round "6"]
[White "Homer, Stephen J"]
[Black "Remman, Frank"]
[Result "1-0"]
[WhiteElo "2005"]
[BlackElo "1852"]
[PlyCount "113"]
[EventDate "2025.??.??"]

1. e4 c5 2. Nf3 e6 3. c3 Nf6 4. e5 Nd5 5. g3 d6 6. exd6 Bxd6 7. Bg2 O-O 8. O-O
Nc6 9. d4 cxd4 10. Nxd4 a6 11. Nxc6 bxc6 12. c4 Ne7 13. Qe2 Ra7 14. Nc3 Rd7 15.
Rd1 Bb8 16. Be3 Qa5 17. Rxd7 Bxd7 18. Qd3 Rd8 19. Rd1 Bc7 20. Qe2 h6 21. Bd2
Qf5 22. Be3 Qg6 23. Bc5 Nc8 24. Rd2 Be8 25. Rxd8 Bxd8 26. Qe5 Qd3 27. Qb8 Qd7
28. Qa8 a5 29. h4 Nb6 30. Qa6 Qc8 31. Qxc8 Nxc8 32. b3 Bc7 33. Kf1 f5 34. Ke2
Kf7 35. Ke3 Ne7 36. f4 Ng8 37. b4 axb4 38. Bxb4 Nf6 39. Bf3 Bb6+ 40. c5 Bc7 41.
a4 Ke7 42. a5 Kd7 43. Na4 Kc8 44. Nb6+ Kb7 45. Bc3 Bd8 46. Be2 Be7 47. Bd4 Bd8
48. a6+ Ka7 49. Nc8+ Ka8 50. Bf3 Bd7 51. Nb6+ Ka7 52. Bxf6 gxf6 53. Nxd7 Kxa6
54. Bxc6 Ka5 55. Nf8 e5 56. Ne6 Be7 57. Bd7 1-0